| 000 | 01384nam0a2200349 4500 | ||
|---|---|---|---|
| 001 | RU\NLR\bibl\1738392 | ||
| 005 | 20250616111955.0 | ||
| 010 |
_a5-85229-351-0 _950 |
||
| 021 |
_aRU _b2011-5671 _9387 |
||
| 035 | _a(nilc)RSL-KNO-004886175 | ||
| 035 | _a(NLR Aleph) 001729318 | ||
| 090 |
_a1389393 _c1389393 |
||
| 100 | _a20110208d2010 |||y0rusy50 ca | ||
| 101 | 0 | _arus | |
| 102 | _aRU | ||
| 105 | _aa ||||||||| | ||
| 200 | 1 |
_aОсобенности проектирования и реализации здоровьесберегающего педагогического процесса в условиях спортивно-технической школы _fС.А. Манаева |
|
| 210 |
_aИваново _c[б. и.] _d2010 |
||
| 215 |
_a264 с. _cил. _d21 |
||
| 320 | _aБиблиогр.: с. 244-263 (310 назв.) | ||
| 606 | 1 |
_aДетские спортивно-технические школы _xВоспитательная работа _92629678 _3RU\NLR\auth\661566238 |
|
| 686 |
_aЧ51р(2Р) _2rubbk- |
||
| 686 |
_aЧ51р(2Р)2-3,0 _2rubbk |
||
| 686 | _aЧ514(2)7 | ||
| 700 | 1 |
_aМанаева _bС. А. _gСветлана Александровна _4070 |
|
| 801 | 0 |
_aRU _bRuMoRKP _c20110208 |
|
| 801 | 1 |
_aRU _bRuMoRGB _c20110208 |
|
| 801 | 2 |
_aRU _bNLR _c20110218 _grcr |
|
| 830 | _aавт. покн. | ||
| 942 | _cBOOK | ||
| 980 | _aNB | ||